000 00347nam a2200133Ia 4500
008 230222s9999 xx 000 0 und d
082 _a005.73
100 _aRichard F Gilberg
245 0 _aData Structures : A Pseudocode Approach with C 2nd Ed
250 _a2
260 _bCengage Learning, New Delhi
_c2005
650 _aCOMPUTER
942 _cBK
999 _c36648
_d36648